000 00474nam a2200169 i 4500
001 23853
003 ES-MaACL
005 20240522063032.0
007 t|
008 021212s1897 it ||||1| ita d
100 0 _aDe Amicis, Edmondo,
_d1846-1908
_943032
245 1 3 _aIl romanzo d'un maestro /
_cEdmondo De Amicis.
260 _aMilano :
_bFratelli Treves,
_c1897.
300 _a2 v. ;
_c19 cm.
852 _aES-MaACL
_jF-9249-50
999 _c23853
_d23853